<?xml version="1.0" encoding="UTF-8"?>
<record
    xmlns:xsi="http://www.w3.org/2001/XMLSchema-instance"
    xsi:schemaLocation="http://www.loc.gov/MARC21/slim http://www.loc.gov/standards/marcxml/schema/MARC21slim.xsd"
    xmlns="http://www.loc.gov/MARC21/slim">

  <leader>00942nam a2200121 a 4500</leader>
  <datafield tag="020" ind1=" " ind2=" ">
    <subfield code="a">9789740338550 </subfield>
    <subfield code="c">210 &#xE1A;</subfield>
  </datafield>
  <datafield tag="050" ind1=" " ind2=" ">
    <subfield code="c">210 &#xE1A;&#xE32;&#xE17;   </subfield>
  </datafield>
  <datafield tag="100" ind1=" " ind2=" ">
    <subfield code="a">&#xE44;&#xE17;&#xE22;</subfield>
  </datafield>
  <datafield tag="245" ind1=" " ind2=" ">
    <subfield code="a">&#xE44;&#xE17;&#xE22;    </subfield>
    <subfield code="a">LB1028.3 </subfield>
    <subfield code="b">&#xE14;123&#xE1B; </subfield>
    <subfield code="d">2562    </subfield>
    <subfield code="a">&#xE14;&#xE19;&#xE31;&#xFFFD;</subfield>
  </datafield>
  <datafield tag="260" ind1=" " ind2=" ">
    <subfield code="a">&#xE14;&#xE19;&#xE31;&#xE22;&#xE28;&#xE31;&#xE01;&#xE14;&#xE34;&#xE4C; &#xE01;&#xE32;&#xE42;&#xE23;    </subfield>
    <subfield code="a"></subfield>
  </datafield>
  <datafield tag="300" ind1=" " ind2=" ">
    <subfield code="b">&#xE14;123&#xE1B; </subfield>
    <subfield code="d">2562    </subfield>
    <subfield code="a">&#xE14;&#xE19;&#xE31;&#xE22;</subfield>
  </datafield>
  <datafield tag="505" ind1=" " ind2=" ">
    <subfield code="a">LB1028.3 </subfield>
    <subfield code="b">&#xE14;123&#xE1B; </subfield>
    <subfield code="d">2562    </subfield>
    <subfield code="a">&#xE14;&#xE19;&#xE31;&#xE22;&#xE28;&#xE31;&#xE01;&#xE14;&#xE34;&#xE4C; &#xE01;&#xE32;&#xE42;&#xE23;    </subfield>
    <subfield code="a">&#xE1B;&#xE0F;&#xE34;&#xE27;&#xE31;&#xE15;&#xE34;&#xE01;&#xE32;&#xE23;&#xE2A;&#xE2D;&#xE19;&#xE2A;&#xE39;&#xE48;&#xE2B;&#xE49;&#xE2D;&#xE07;&#xE40;&#xE23;&#xE35;&#xE22;&#xE19; 4.0 &#xE14;&#xE49;&#xE27;&#xE22; Google for education </subfield>
    <subfield code="c">&#xE14;&#xE19;&#xE31;&#xE22;&#xE28;&#xE31;&#xE01;&#xE14;&#xE34;&#xE4C; &#xE01;&#xE32;&#xE42;&#xE23;    </subfield>
    <subfield code="a">&#xE01;&#xE23;&#xE38;&#xE07;&#xE40;&#xE17;&#xE1E;&#xE2F; </subfield>
    <subfield code="b">&#xE2A;&#xE33;&#xE19;&#xE31;&#xE01;&#xE1E;&#xE34;&#xE21;&#xE1E;&#xE4C;&#xE41;&#xE2B;&#xE48;&#xE07;&#xE08;&#xE38;&#xE2C;&#xE32;&#xE25;&#xE07;&#xE01;&#xE23;&#xE13;&#xE4C;&#xE21;&#xE2B;&#xE32;&#xE27;&#xE34;&#xE17;&#xE22;&#xE32;&#xE25;&#xE31;&#xE22; </subfield>
    <subfield code="c">2562    </subfield>
    <subfield code="a">193 &#xE2B;&#xE19;&#xE49;&#xE32; </subfield>
    <subfield code="b">&#xE15;&#xE32;&#xE23;&#xE32;&#xE07;, &#xE20;&#xE32;&#xE1E;&#xE1B;&#xE23;&#xE30;&#xE01;&#xE2D;&#xE1A; </subfield>
    <subfield code="c">26 &#xE0B;&#xE21;.    </subfield>
    <subfield code="a">&#xE1A;&#xE23;&#xE34;&#xE2B;&#xE32;&#xE23;&#xE08;&#xE31;&#xE14;&#xE01;&#xE32;&#xE23;&#xE02;&#xE49;&#xE2D;&#xE21;&#xE39;&#xE25;&#xE2D;&#xE2D;&#xE19;&#xE44;&#xE25;&#xE19;&#xE4C;&#xE14;&#xE49;&#xE27;&#xE22; Google drive </subfield>
  </datafield>
  <datafield tag="999" ind1=" " ind2=" ">
    <subfield code="c">100440</subfield>
    <subfield code="d">100440</subfield>
  </datafield>
  <datafield tag="998" ind1=" " ind2=" ">
    <subfield code="h">2864</subfield>
    <subfield code="j">2864</subfield>
    <subfield code="k"> &#xE41;&#xE2A;&#xE07;&#xE40;&#xE14;&#xE37;&#xE2D;&#xE19; &#xE1C;&#xE48;&#xE2D;&#xE07;&#xE1E;&#xE38;&#xE12;</subfield>
  </datafield>
</record>
